<?xml version="1.0" encoding="UTF-8"?>
<record
    xmlns:xsi="http://www.w3.org/2001/XMLSchema-instance"
    xsi:schemaLocation="http://www.loc.gov/MARC21/slim http://www.loc.gov/standards/marcxml/schema/MARC21slim.xsd"
    xmlns="http://www.loc.gov/MARC21/slim">

  <leader>02373nam a2200349uu 4500</leader>
  <controlfield tag="001">1577728</controlfield>
  <controlfield tag="005">20260508094655.0</controlfield>
  <controlfield tag="008">221021s2009                        spa  </controlfield>
  <datafield tag="020" ind1=" " ind2=" ">
    <subfield code="a">9781600375125</subfield>
  </datafield>
  <datafield tag="035" ind1=" " ind2=" ">
    <subfield code="a">1577728</subfield>
  </datafield>
  <datafield tag="040" ind1=" " ind2=" ">
    <subfield code="c">comduadb</subfield>
  </datafield>
  <datafield tag="041" ind1=" " ind2=" ">
    <subfield code="a">spa</subfield>
  </datafield>
  <datafield tag="082" ind1=" " ind2="4">
    <subfield code="a">658</subfield>
  </datafield>
  <datafield tag="100" ind1="1" ind2="0">
    <subfield code="a">Levinson, Jay Conrad,</subfield>
    <subfield code="d">1933-2013</subfield>
    <subfield code="4">aut</subfield>
    <subfield code="e">aut</subfield>
    <subfield code="9">483129</subfield>
  </datafield>
  <datafield tag="245" ind1="1" ind2="0">
    <subfield code="a">Marketing de guerrilla : secretos para obtener grandes ganancias con su peque&#xF1;a o mediana empresa</subfield>
  </datafield>
  <datafield tag="250" ind1=" " ind2=" ">
    <subfield code="a">3. edici&#xF3;n, revisada y actualizada</subfield>
  </datafield>
  <datafield tag="260" ind1=" " ind2=" ">
    <subfield code="a">Nueva York :</subfield>
    <subfield code="b">Morgan James Publishing,</subfield>
    <subfield code="c">2009.</subfield>
  </datafield>
  <datafield tag="300" ind1=" " ind2=" ">
    <subfield code="a">417 p&#xE1;ginas</subfield>
  </datafield>
  <datafield tag="505" ind1=" " ind2=" ">
    <subfield code="a">CONTENIDO: El enfoque guerrillero al marketing. -- Marketing en los mini-medios. -- El marketing de maximedios. -- Marketing sin uso de medios. -- Lanzando su ataque de marketing de guerrilla.</subfield>
  </datafield>
  <datafield tag="520" ind1="3" ind2=" ">
    <subfield code="a">RESUMEN: "El t&#xE9;rmino marketing de guerrilla nace en los a&#xF1;os 80s con la publicaci&#xF3;n del libro, su autor inspirado en las t&#xE1;cticas de las guerrillas, organizaciones con pocos recursos que ten&#xED;an una planeaci&#xF3;n basada en el factor sorpresa y en generar impacto. Y as&#xED; nace el marketing de guerrilla, un conjunto de t&#xE9;cnicas y estrategias en donde la creatividad, el ingenio y la innovaci&#xF3;n son el eje de su ejecuci&#xF3;n. Sumado a la poca inversi&#xF3;n en publicidad y su presentaci&#xF3;n en medios no convencionales, permiten entregar el mensaje de manera diferente a nuestro p&#xFA;blico meta.
&#xBF;Y en qu&#xE9; tipo de espacios se puede presentar el marketing de guerrilla? Pueden ser espacios cotidianos con los que interactuamos d&#xED;a a d&#xED;a, intervenidos para transmitir un mensaje, generar un impacto o una experiencia que persista en la memoria del p&#xFA;blico al que van dirigidos. As&#xED; que, si tienes una peque&#xF1;a o gran empresa, el marketing de guerrilla es una manera ingeniosa y creativa para que las personas conozcan tus productos y servicios"</subfield>
  </datafield>
  <datafield tag="650" ind1=" " ind2=" ">
    <subfield code="a">Administraci&#xF3;n de mercados</subfield>
    <subfield code="9">50275</subfield>
  </datafield>
  <datafield tag="650" ind1=" " ind2=" ">
    <subfield code="a">Microempresas</subfield>
    <subfield code="9">29802</subfield>
  </datafield>
  <datafield tag="650" ind1=" " ind2="7">
    <subfield code="a">Mercadeo</subfield>
    <subfield code="2">lemb</subfield>
    <subfield code="9">1171</subfield>
  </datafield>
  <datafield tag="650" ind1=" " ind2="7">
    <subfield code="a">Planificaci&#xF3;n del mercadeo</subfield>
    <subfield code="2">lemb</subfield>
    <subfield code="9">199865</subfield>
  </datafield>
  <datafield tag="650" ind1=" " ind2=" ">
    <subfield code="a">Administraci&#xF3;n de mercadeo</subfield>
    <subfield code="9">41646</subfield>
  </datafield>
  <datafield tag="650" ind1=" " ind2=" ">
    <subfield code="a">Planificacion del mercado</subfield>
    <subfield code="9">48513</subfield>
  </datafield>
  <datafield tag="650" ind1=" " ind2=" ">
    <subfield code="a">Mediana empresa</subfield>
    <subfield code="9">132976</subfield>
  </datafield>
  <datafield tag="650" ind1=" " ind2="7">
    <subfield code="a">Mercadeo en Internet</subfield>
    <subfield code="2">armarc</subfield>
    <subfield code="9">200173</subfield>
  </datafield>
  <datafield tag="700" ind1="1" ind2="0">
    <subfield code="a">Savage, Steve </subfield>
    <subfield code="4">edt</subfield>
    <subfield code="e">edt</subfield>
    <subfield code="9">805406</subfield>
  </datafield>
  <datafield tag="700" ind1="1" ind2="0">
    <subfield code="a">Krizmanic, Helena</subfield>
    <subfield code="4">trl</subfield>
    <subfield code="e">trl</subfield>
    <subfield code="9">806440</subfield>
  </datafield>
  <datafield tag="942" ind1=" " ind2=" ">
    <subfield code="c">BOOK</subfield>
  </datafield>
  <datafield tag="999" ind1=" " ind2=" ">
    <subfield code="c">842815</subfield>
    <subfield code="d">842815</subfield>
  </datafield>
  <datafield tag="952" ind1=" " ind2=" ">
    <subfield code="0">0</subfield>
    <subfield code="1">0</subfield>
    <subfield code="4">0</subfield>
    <subfield code="7">0</subfield>
    <subfield code="8">GENERAL</subfield>
    <subfield code="a">ANDES</subfield>
    <subfield code="b">ANDES</subfield>
    <subfield code="d">2022-10-21</subfield>
    <subfield code="e">Librer&#xED;a Universidad de Antioquia</subfield>
    <subfield code="g">81765.00</subfield>
    <subfield code="i">C13328056</subfield>
    <subfield code="l">1</subfield>
    <subfield code="o">658.8 L665m</subfield>
    <subfield code="p">01093524</subfield>
    <subfield code="r">2025-09-15 15:48:40</subfield>
    <subfield code="s">2024-10-08</subfield>
    <subfield code="t">1</subfield>
    <subfield code="w">2023-05-05</subfield>
    <subfield code="y">BOOK</subfield>
  </datafield>
</record>
